Statystyki dla Albumy roku Grammy

Kliknij tutaj aby rozwiązać quiz!

Ogólne statystyki

  • Ten quiz został rozwiązany 9 razy
  • Średni wynik to 6 z 55

Statystyki odpowiedzi

rokAlbumyartysty% Poprawnych
1984ThrillerMichael Jackson
89%
2012, 201721, 25Adele
78%
2023Harry's HouseHarry Styles
78%
2010, 2016, 2021, 2024Fearless, 1989, Folklore, MidnightsTaylor Swift
78%
201824K MagicBruno Mars
67%
1968Sgt. Pepper's Lonely Hearts Club Band The Beatles
44%
2020When We All Fall Asleep, Where Do We Go?Billie Eilish
33%
2014Random Access MemoriesDaft Punk
22%
1989FaithGeorge Michael
22%
1996Jagged Little Pill Alanis Morissette
11%
1998Time out of Mind Bob Dylan
11%
1997Falling into You Celine Dion
11%
1993UnpluggedEric Clapton
11%
2004Speakerboxxx/
The Love Below
Outkast
11%
2000Supernatural Santana
11%
1971Bridge over Troubled Water Simon & Garfunkel
11%
1988, 2006The Joshua Tree, How to Dismantle an Atomic BombU2
11%
1994The Bodyguard SountrackWhitney Houston
11%
2011The Suburbs Arcade Fire
0%
1964The ______ ________ Album Barbra Streisand
0%
2015Morning PhaseBeck
0%
1979Saturday Night Fever SoundtrackBee Gees
0%
198052nd StreetBilly Joel
0%
1970_____, _____ & _____Blood, Sweat & Tears
0%
1961The Button-Down Mind of ___ _______Bob Newhart
0%
1990Nick of TimeBonnie Raitt
0%
1972Tapestry Carole King
0%
1981___________ _____Christopher Cross
0%
2007Taking the Long Way Dixie Chicks
0%
1978Rumours Fleetwood Mac
0%
1960, 1966, 1967Come Dance with Me!, September of My Years, A Man and His MusicFrank Sinatra
0%
1973The Concert for Bangla Desh George Harrison
& Friends
0%
1969By the Time I Get to Phoenix Glen Campbell
0%
1959The Music from Peter Gunn Henry Mancini
0%
2008River: The Joni Letters Herbie Hancock
0%
1982Double Fantasy John Lennon &
Yoko Ono
0%
2022We AreJon Batiste
0%
1962Judy at Carnegie Hall Judy Garland
0%
2019Golden HourKacey Musgraves
0%
1999The Miseducation of ______ ____Lauryn Hill
0%
1985Can't Slow Down Lionel Richie
0%
2013BabelMumford & Sons
0%
1992Unforgettable... with Love Natalie Cole
0%
2003Come Away with Me Norah Jones
0%
1976, 1987Still Crazy After All These Years, GracelandPaul Simon
0%
1986No Jacket Required Phil Collins
0%
1991Back on the Block Quincy Jones
0%
2005Genius Loves Company Ray Charles
0%
2009Raising SandRobert Plant &
Alison Krauss
0%
1965____/________Stan Getz &
João Gilberto
0%
2001Two Against Nature Steely Dan
0%
1974, 1975, 1977Innervisions, Fulfillingness' First Finale, Songs in the Key of LifeStevie Wonder
0%
1995MTV UnpluggedTony Bennett
0%
1983____ IVToto
0%
1963The First Family Vaughn Meader
0%

Rozkład punktacji

Percentyl według liczby udzielonych odpowiedzi

Procent ludzi z każdym wynikiem

Twoja historia wyników

Nie rozwiązałeś tego quizu